000
00215nam a2200097Ia 4500
008
170619s9999 xx 000 0 und d
100
_a
Lewin-Benjamin
245
0
_a
Genes VII
260
_b
Oxford Uni. Press
260
_c
2003
546
_a
ENGLISH
999
_c
18058
_d
18058